| 000 | 01364nam a2200385 a 4500 | ||
|---|---|---|---|
| 001 | vtls000323824 | ||
| 003 | NLI | ||
| 005 | 20210602144926.0 | ||
| 008 | 101231 2007 ii 000 0 hin d | ||
| 020 |
_a8190390031 _cRs 140 .00 |
||
| 039 | 9 |
_a201404011631 _bkumars _c201402102102 _dkumars _y201012312111 _zhindi1 |
|
| 040 |
_aNLI _bhin _cHindi Div _eAACR2 |
||
| 041 | 0 | _ahin | |
| 044 | _aii | ||
| 082 | 0 | 4 |
_a158.1 _222 |
| 100 | 1 |
_6880 -01 _aपाटनी ,उज्जवल _9251 |
|
| 245 | 1 | 0 |
_6880-02 _aजीत या हार रहो तैयार _bरहो तैयार / _cउज्जवल, पाटनी |
| 250 | _aed/ | ||
| 260 |
_aनईदिल्ली: _bडायमंड पॉकेटबुक्स, _c2007 |
||
| 300 |
_a192 p. _c21 cm. |
||
| 650 | 0 |
_aPsychology _95770 |
|
| 700 | 1 | _6880-03 | |
| 700 | 1 | _6880-04 | |
| 880 | 1 |
_6100-01/ (B _aPāṭanī, Ujjavala _qDr |
|
| 880 | 1 | 0 |
_6245-02/ (B _aJita yā hāra _dUjjavala Pātanī |
| 880 | 1 | _6700-03/ (B | |
| 880 | 1 | _6700 -04/ (B | |
| 887 | _aPankaj lib | ||
| 901 |
_a86061 _b6.12.07 |
||
| 902 | _aH 158.1 P 725 j | ||
| 904 | _aPankaj lib | ||
| 949 |
_AVIRTUAITEM _D10001 _X100 _6DBA000086061HIN |
||
| 942 |
_2ddc _cBKS |
||
| 999 |
_aVIRTUA40 _c282999 _d282999 |
||
| 999 | _aVTLSSORT0080*0200*0400*0410*0440*0820*1000*2450*2500*2600*3000*6500*7000*7001*8800*8801*8802*8803*9010*9020*9040*9992 | ||